000 00632nam a2200229Ia 4500
003 OSt
005 20230616161646.0
008 210423s2020 xx 000 0 und d
020 _a978-81-224-1258-1
040 _cAL
041 _aeng
082 _a547.05
_223
_bMEHO
100 _aMEHROTRA (R C); SINGH (A)
_998117
245 _aOrganometalic chemistry: a unified approach Ed 2
250 _a2
260 _aNew Delhi
_bNew Age International
_c2020
300 _axiii,618
_bPB
365 _b450
_cINR
650 _aOrganic Chemistry
_998118
906 _aapproach ; chemistry: ; Organometalic ; unified
942 _2ddc
_cBK
999 _c171060
_d171060